Obálka Náhled e-knihy:
PDF Epub
Pro půjčování e-knih musíte být přihlášeni.
Jak si půjčit online?

S láskou od jezera /

Milostný román ze série plné lásky od autorky romantických útěků, známé také pod jménem Julie Caplinová.

Uloženo v:
Série:S láskou, část 9
Hlavní autor: Wake, Jules (Autor)
Další autoři: Krasula, Klára, 1983- (Autor)
Médium: E-kniha
Jazyk:Czech
Vydáno: V Praze : Motto, 2025
Vydání:1. vydání
Témata:
Příbuzné jednotky:Z cyklu:: S láskou
Tagy:
Žádné tagy
LEADER 02600nam a2200493 i 4500
001 312692
003 CZ PrSKC
005 20260601215727.0
007 ta
008 250414s2025 xr g 000 f cze
015 |a cnb003680642 
020 |a 9788026728238  |q (brožováno) :  |c Kč 449,00 
035 |a (OCoLC)1523000258 
040 |a ABG001  |b cze  |e rda 
041 1 |a cze  |h eng 
072 7 |a 821.111-3  |x Anglická próza, anglicky psaná  |2 Konspekt 
080 |a 821.111-31  |2 MRF 
080 |a (0:82-312.5)  |2 MRF 
080 |a (0:82-31)-055.2  |2 MRF 
100 1 |a Wake, Jules  |7 xx0236526  |4 aut 
240 1 0 |a Wednesday morning wild swim.  |l Česky 
245 1 0 |a S láskou od jezera /  |c Jules Wake ; přeložila Klára Krasula 
250 |a 1. vydání 
264 1 |a V Praze :  |b Motto,  |c 2025 
300 |a 304 stran ;  |c 20 cm 
336 |a text  |b txt  |2 rdacontent 
337 |a bez média  |b n  |2 rdamedia 
338 |a svazek  |b nc  |2 rdacarrier 
500 |a Přeloženo z angličtiny 
520 2 |a Milostný román ze série plné lásky od autorky romantických útěků, známé také pod jménem Julie Caplinová.  |b Když smolařce Ettie nevyjde kariéra v Londýně, vrací se do Yorkshiru, kde na ni čeká pokušení v podobě jezera lákajícího k plavání. To se ovšem nachází na soukromém pozemku, jehož majitel nadšené sportovce vyhání. Dominik lpí na dodržování pravidel a spontánní Ettie ho musí jako jeho podřízená, která mu pomáhá vybudovat hotel, respektovat. Ale chladivá hladina v parném létě přitahuje nejen ji. Jezero je jedinečným místem pro nová přátelství. A možná i pro lásku. Nikdo by totiž neměl plavat sám. Nakladatelská anotace. 
655 7 |a anglické romány  |7 fd131814  |2 czenas 
655 7 |a milostné romány  |7 fd132840  |2 czenas 
655 7 |a romány pro ženy  |7 fd187897  |2 czenas 
655 9 |a English fiction  |2 eczenas 
655 9 |a love novels  |2 eczenas 
655 9 |a women's novels  |2 eczenas 
700 1 |a Krasula, Klára,  |d 1983-  |7 jo20211114952  |4 trl 
787 0 8 |i Z cyklu:  |t S láskou  |g 9 
900 |a ABA001  |b 20 
928 9 |a Albatros Media - Motto 
044 |a xr 
910 |a RBIT002 
998 |d 419495  |a https://core.palmknihy.cz/api/books/419495/cover?sug7ch  |b https://core.palmknihy.cz/api/books/419495/cover/400?sug7ch  |c https://core.palmknihy.cz/api/books/419495/cover/50?sug7ch  |e 2030-04-11  |g 312  |i 9788026728238  |j https://core.palmknihy.cz/api/books/419495/preview.epub  |k https://core.palmknihy.cz/api/books/419495/preview.pdf  |l   |q 49  |r 1  |s https://www.palmknihy.cz/kniha/419495  |t ebook  |y 2025  |z 0  |v S láskou  |w 9 
999 |d 312690